LEADER 00462nas 2200181z- 450 001 9911069823903321 011 $a3091-5082 035 $a(CKB)6180000000030192 035 $a(EXLCZ)996180000000030192 100 $a20260224cuuuuuuuu -u- - 101 0 $aeng 200 00$aENGINEERING Management 210 $cHigher Education Press 311 $a3091-5074 906 $aJOURNAL 912 $a9911069823903321 996 $aEngineering Management$92088903 997 $aUNINA